000 00490nam a2200169Ia 4500
008 090711s9999 xx 000 0 und d
082 _b64244
100 _aसोमण दा. उाgऎ.
245 _aआकाश दर्शन 1990
260 _c1990
300 _a54
600 _aसोमण दा. उाgऎ.
630 _aआकाश दर्शन 1990
700 _aसोमण दा. उाgऎ.
730 _aआकाश दर्शन 1990
942 _cBOOK
999 _c296948
_d296948